00470nam a2200169 a 450000100100000000500170001000800410002702000150006804000250008308200140010810000270012224500550014926000500020430000200025449000130027483000130028700002594520200930024155.0110224s1992 sp r 000 0 spa d a8460438953 aDO-SdBNPbspacBNPHU aNNNbE85m1 aEtxeba, Carlos,d1929-10aLas mujeres de Mahoma :bcomedia /cCarlos Etxeba. aBilbao :bPublicaciones Edertasuna,c[1992?]. a63 p. ;c21 cm.1 aPoesía 0aPoesía